| 000 | 01958nam0a2200325 4500 | ||
|---|---|---|---|
| 001 | RU\NLR\bibl\1188604 | ||
| 005 | 20260405113305.0 | ||
| 010 |
_a978-5-7433-1852-0 _9200 |
||
| 021 |
_aRU _b2007-90372 _94884 |
||
| 035 | _a(NLR Aleph) 001175171 | ||
| 090 |
_a1622373 _c1622373 |
||
| 100 | _a20080214d2007 |||y0rusy50 ca | ||
| 101 | 0 | _arus | |
| 102 | _aRU | ||
| 105 | _aa ||||||||| | ||
| 200 | 1 |
_aКомпенсация реактивной мощности в электрических сетях до 1000 В _eучебное пособие для слушателей центров переподготовки и повышения квалификации по специальности "Электроснабжение" _fИ.И. Артюхов, А.В. Коротков, С.Ф. Степанов _gМ-во образования и науки Рос. Федерацуии, Федер. агентство по образованию, Сарат. гос. техн. ун-т |
|
| 210 |
_aСаратов _cСаратовский государственный технический университет _d2007 |
||
| 215 |
_a63, [1] с. _cил. _d21 |
||
| 320 | _aБиблиогр.: с. 63 (15 назв.) | ||
| 606 | 1 |
_aЭлектрические сети низкого напряжения _jУчебные издания для высших учебных заведений _xРеактивная мощность _xКомпенсация _92509119 _3RU\NLR\auth\661487602 |
|
| 686 | _aЗ279.2-052.1я73-1 | ||
| 700 | 1 |
_aАртюхов _bИ. И. _gИван Иванович _4070 |
|
| 701 | 1 |
_aКоротков _bА. В. _gАлександр Викторович _4070 |
|
| 701 | 1 |
_4070 _7ca _8rus _aСтепанов _bС. Ф. _cканд. техн. наук _gСергей Федорович _926956 _3RU\NLR\auth\7744014 |
|
| 801 | 0 |
_aRU _bNLR _c20080214 _gRCR |
|
| 801 | 1 |
_aRU _bNLR _c20080214 |
|
| 942 | _cBOOK | ||
| 980 | _aNB | ||
| 980 | _aNBR | ||